Music Quiz

Random Music or Song Quiz

'80s Song Title Match-Up Quiz Stats

 Plays Quiz Updated Feb 7, 2018

Challenge
Share
Tweet
Score 0/25 Timer 04:00
35 Plays Today
% Correct
Girls Just
98.8%
Don’t Stop
98.5%
Every Breath
98.2%
Walk Like
98%
Sweet
97.7%
Every Rose
97.7%
Total Eclipse
97.6%
Hungry Like
97.6%
Here I Go
97.6%
I Want to Know What
97.4%
Ebony
97.1%
Rock And
96.9%
Jack
96.8%
% Correct
When Doves
96.6%
Jessie's
96%
Let's Hear
95.9%
In the Air
95.9%
Say You
95.4%
Karma
95%
Come on
95%
Take
94.9%
Money For
94.8%
Rock the
94.3%
Crazy
93.3%
Bette Davis
90.9%

You're not logged in!

Compare scores with friends on all Sporcle quizzes.
OR
Log In

You Might Also Like...

Show Comments

Extras

Top Quizzes Today


Score Distribution

Your Account Isn't Verified!

In order to create a playlist on Sporcle, you need to verify the email address you used during registration. Go to your Sporcle Settings to finish the process.

Report this User

Report this user for behavior that violates our Community Guidelines.

Details: